00734 2200253 4500001002100000005001500021035002000036007000300056008004100059020002200100082001100122084001700133100003000150245012500180250001000305260003300315300002900348650002900377700001600406700001800422700001800440990001100458990001100469INLIS00000000000437920191101093043 a0010-1119000006ta191101 g 0 ind  a978-979-039-327-1 a297.98 a297.98 ALI b0 aALI, Muhammad ash-Shalaby1 aBiografi muawiyah bin abi sufyan /cAli Muhammad ash-Shalaby; penerjemah, Imam Fauji, Taufik Aulia; editor, Agus Suwandi acet.1 aJakarta :bUmmul Qura,c2017 axxvi, 928 hlm. ;c25 cm. 4aISLAM. BIOGRAFI MUAWIYAH0 aIMAM, Fauji0 aTAUFIK, Aulia0 aAGUS, Suwandi a7074 a a7074 b